|
|
|
|
| LEADER |
00000cam a2200000 7i4500 |
| 001 |
0000016866 |
| 005 |
20201015.0 |
| 020 |
|
|
|a 9678915014
|
| 040 |
|
|
|a INS
|
| 090 |
0 |
0 |
|a KPG1035.A311990 M34 2004
|
| 240 |
1 |
0 |
|a Akta bekalan Electrik, 1990
|
| 245 |
1 |
0 |
|a Electricity supply Act 1990 (Act 447) and Electricity Supply (Successor company) Act 1990 (Act 448) and regulations :
|b as at 15th June 2004
|c compiled by the Legal Research Board
|
| 260 |
|
|
|a Kuala Lumpur :
|b International Law Book Services ,
|c 2004
|
| 300 |
|
|
|a 179 ms ;
|c 25 cm.
|
| 650 |
0 |
0 |
|a Electric utilities
|x Law and legislation
|z Malaysia
|
| 650 |
0 |
0 |
|a Electrification
|z malaysia
|
| 710 |
2 |
|
|a Legal Research Board
|
| 999 |
|
|
|a 0000016880
|b BOOK
|c Acts
|e Default branch
|